[Event "28th Czech Open A 2017"]
[Site "Pardubice CZE"]
[Date "2017.07.24"]
[Round "4.30"]
[White "Ghosh, Diptayan"]
[Black "Pulpan, Jakub"]
[Result "1/2-1/2"]
[WhiteTitle "GM"]
[BlackTitle "FM"]
[WhiteElo "2569"]
[BlackElo "2368"]
[WhiteFideId "5045207"]
[BlackFideId "302759"]
[EventDate "2017.07.21"]

1. Nf3 Nf6 2. g3 d5 3. Bg2 e6 4. O-O Be7 5. c4 O-O 6. d4 dxc4 7. Qc2 a6 8. a4
Bd7 9. Qxc4 Bc6 10. Bf4 a5 11. Nc3 Na6 12. Rac1 Bd6 13. Bg5 h6 14. Bxf6 Qxf6 15.
Nd2 Bxg2 16. Kxg2 c6 17. Rfd1 Rfd8 18. e3 Bb4 19. Nf3 Bd6 20. Rd2 Nb4 21. Rcd1
Qe7 22. h4 Nd5 23. Qb3 Bb4 24. Rd3 Nf6 25. Ne5 Bd6 26. Nc4 Bb4 27. Na2 Bd6 28.
Qc2 Nd5 29. e4 Nb4 30. Nxb4 Bxb4 31. b3 Rac8 32. Nb6 Rb8 33. Qe2 Qc7 34. Nc4 b5
35. Ne5 Bd6 36. Nf3 bxa4 37. bxa4 Rb4 38. Qc2 Qb8 39. e5 Bf8 40. Rc3 Rb2 41. Qc1
Ra2 42. Rxc6 Rxa4 43. Qc2 Rb4 44. g4 Rb2 45. Qc4 Rb4 46. Qc2 Rb2 47. Qc4 Rb4 48.
Qc2 1/2-1/2

[Event "28th Czech Open A 2017"]
[Site "Pardubice CZE"]
[Date "2017.07.24"]
[Round "4.31"]
[White "Yagupov, Igor"]
[Black "Maslak, Konstantin"]
[Result "1/2-1/2"]
[WhiteTitle "GM"]
[BlackTitle "GM"]
[WhiteElo "2372"]
[BlackElo "2566"]
[WhiteFideId "4113632"]
[BlackFideId "4130901"]
[EventDate "2017.07.21"]

1. e4 d6 2. d4 Nf6 3. Nc3 e5 4. Nf3 Nbd7 5. Bc4 Be7 6. a4 O-O 7. O-O c6 8. Re1
a5 9. h3 Nb6 10. Bb3 Nfd7 11. Be3 exd4 12. Nxd4 Nc5 13. Qf3 Nxb3 14. cxb3 Nd7
15. Rad1 Ne5 16. Qe2 Ng6 17. Nf5 Be6 18. Bd4 f6 19. Bc5 Bxb3 20. Nxe7+ Qxe7 21.
Bxd6 Bxd1 22. Rxd1 Qf7 23. Bxf8 Rxf8 24. Rd4 Qb3 25. g3 Qe6 26. Kg2 f5 27. f4
fxe4 28. Rxe4 Qd7 29. Qc4+ Qf7 30. b4 axb4 31. Qxf7+ Kxf7 32. Rxb4 Rb8 33. Ne4
b5 34. axb5 cxb5 35. Rxb5 Rxb5 36. Nd6+ Kf6 37. Nxb5 h5 38. Kf3 Ne7 39. Nd4 Nd5
40. Ke4 Nc3+ 41. Kd3 Nd5 42. Nf3 Kf5 43. Nh4+ Kf6 44. Kd4 Ne7 45. Ke4 g6 46. Kd4
Ke6 47. g4 hxg4 48. hxg4 Kf6 49. g5+ Kf7 50. Kc4 Ke6 51. Kc5 Nc8 52. Kb5 Ne7 53.
Kc4 Kd6 54. Kd4 Ke6 55. Ke4 Kf7 56. Nf3 Nf5 57. Ne5+ Kg7 58. Kd5 Ne3+ 59. Ke6
Nf5 60. Nd3 Nd4+ 61. Kd5 Nf5 62. Ne5 Ne3+ 63. Ke6 Nf5 64. Nc6 Ng3 65. Nd4 Nh5
66. Ke7 Kh7 67. f5 gxf5 68. Kf7 f4 69. Nf3 Ng7 70. Nh4 Nh5 71. Nf3 Ng7 72. g6+
Kh6 73. Nd4 Nh5 74. Nf3 Ng7 1/2-1/2

[Event "28th Czech Open A 2017"]
[Site "Pardubice CZE"]
[Date "2017.07.24"]
[Round "4.32"]
[White "Brkic, Ante"]
[Black "Rafiee, Makan"]
[Result "1-0"]
[WhiteTitle "GM"]
[BlackTitle "FM"]
[WhiteElo "2565"]
[BlackElo "2345"]
[WhiteFideId "14506688"]
[BlackFideId "24609340"]
[EventDate "2017.07.21"]

1. e4 e5 2. Nf3 Nc6 3. Bb5 a6 4. Ba4 Nf6 5. O-O Be7 6. Re1 b5 7. Bb3 O-O 8. c3
d5 9. d4 exd4 10. e5 Ne4 11. cxd4 Bg4 12. Nc3 Bb4 13. Nxe4 Bxe1 14. Bg5 Bxf3 15.
gxf3 Qd7 16. Nf6+ gxf6 17. Bxf6 Qh3 18. Bxd5 Nb4 19. Bxa8 Bxf2+ 20. Kxf2 Qxh2+
21. Ke3 Rxa8 22. Qg1+ Qxg1+ 23. Rxg1+ Kf8 24. Ke4 c6 25. f4 Nd5 26. Bg5 Ke8 27.
Rh1 Ra7 28. Rh6 Rc7 29. f5 Kd7 30. Rxh7 Kc8 31. f6 1-0

[Event "28th Czech Open A 2017"]
[Site "Pardubice CZE"]
[Date "2017.07.24"]
[Round "4.33"]
[White "Zvara, Petr"]
[Black "Lintchevski, Daniil"]
[Result "0-1"]
[WhiteTitle "IM"]
[BlackTitle "GM"]
[WhiteElo "2370"]
[BlackElo "2562"]
[WhiteFideId "304000"]
[BlackFideId "4171055"]
[EventDate "2017.07.21"]

1. e4 e6 2. d4 d5 3. exd5 exd5 4. Nf3 Nc6 5. Bd3 Bg4 6. O-O Bxf3 7. Qxf3 Nxd4 8.
Qg4 Ne6 9. c4 Nf6 10. Qh3 Be7 11. cxd5 Qxd5 12. Nc3 Qh5 13. Qxh5 Nxh5 14. Nd5
Bd8 15. Bd2 c6 16. Ne3 Bf6 17. Rad1 O-O-O 18. Bf5 g6 19. Bg4 Bxb2 20. Nc4 Bd4
21. Bg5 Rd7 22. Rfe1 Nhg7 23. Bh4 Nf5 24. Bg3 Rhd8 25. Bxf5 gxf5 26. Kf1 b5 27.
Na5 Bc3 28. Nxc6 Rxd1 0-1

[Event "28th Czech Open A 2017"]
[Site "Pardubice CZE"]
[Date "2017.07.24"]
[Round "4.34"]
[White "Michalik, Peter"]
[Black "Paszewski, Mateusz"]
[Result "0-1"]
[WhiteTitle "GM"]
[BlackTitle "FM"]
[WhiteElo "2557"]
[BlackElo "2323"]
[WhiteFideId "14907526"]
[BlackFideId "1141058"]
[EventDate "2017.07.21"]

1. e4 c5 2. Nf3 d6 3. d4 cxd4 4. Nxd4 Nf6 5. Nc3 g6 6. Be3 Bg7 7. f3 O-O 8. Qd2
Nc6 9. Bc4 Bd7 10. O-O-O Rc8 11. Be2 a6 12. Kb1 b5 13. Nxc6 Bxc6 14. Nd5 Bxd5
15. exd5 Qc7 16. c3 Qb7 17. h4 Rc7 18. h5 Rfc8 19. hxg6 fxg6 20. Bh6 Rc5 21.
Bxg7 Kxg7 22. Qh6+ Kg8 23. Rde1 Qd7 24. g4 Rxd5 25. Bd1 Rdc5 26. Bb3+ d5 27. Re5
e6 28. Rhe1 R5c6 29. Bc2 b4 30. Qf4 Qe7 31. Ba4 Rb6 32. Qe3 Rcb8 33. cxb4 Qxb4
34. Bb3 a5 35. Re2 a4 36. Bd1 d4 37. Qd2 Qc4 38. Qc1 Qd3+ 39. Ka1 Rc6 40. Rc2
Rbc8 41. Rxc6 Rxc6 42. Qb1 Qa6 43. b4 Qc8 44. Rc5 Rxc5 45. bxc5 Qxc5 46. Bxa4
Qc3+ 47. Qb2 Qe1+ 48. Qb1 Qc3+ 49. Qb2 Qe1+ 50. Qb1 Qxb1+ 51. Kxb1 h5 52. gxh5
gxh5 53. Bb5 Nd5 54. a4 Kf7 55. Bf1 Nc3+ 56. Kc2 Nxa4 57. Kd3 e5 58. f4 Kf6 59.
Be2 h4 60. Bg4 Nc5+ 61. Kc4 Ne4 62. Kd5 Nc3+ 63. Kc4 exf4 64. Kxd4 Kg5 65. Bf3
Nb5+ 66. Kd3 h3 67. Bc6 h2 0-1

[Event "28th Czech Open A 2017"]
[Site "Pardubice CZE"]
[Date "2017.07.24"]
[Round "4.35"]
[White "Babula, Vlastimil"]
[Black "Solonar, Stefan"]
[Result "1-0"]
[WhiteTitle "GM"]
[BlackTitle "IM"]
[WhiteElo "2551"]
[BlackElo "2321"]
[WhiteFideId "301264"]
[BlackFideId "13900056"]
[EventDate "2017.07.21"]

1. d4 f5 2. Nc3 d5 3. Bf4 Nf6 4. e3 e6 5. Nb5 Na6 6. c4 c6 7. Nc3 Be7 8. Nf3 O-O
9. Be2 Nc7 10. O-O Nce8 11. c5 Ne4 12. Nxe4 fxe4 13. Ne5 Nf6 14. Qb3 Nd7 15.
Nxd7 Qxd7 16. f3 exf3 17. Rxf3 Bf6 18. Raf1 Re8 19. Bd6 b5 20. Qc2 Bb7 21. Rh3
h6 22. Rxf6 gxf6 23. Rg3+ 1-0

[Event "28th Czech Open A 2017"]
[Site "Pardubice CZE"]
[Date "2017.07.24"]
[Round "4.36"]
[White "Sochacki, Wojtek"]
[Black "Hauchard, Arnaud"]
[Result "1/2-1/2"]
[WhiteTitle "FM"]
[BlackTitle "GM"]
[WhiteElo "2350"]
[BlackElo "2550"]
[WhiteFideId "651389"]
[BlackFideId "600113"]
[EventDate "2017.07.21"]

1. d4 Nf6 2. c4 e6 3. Nc3 c5 4. d5 exd5 5. cxd5 d6 6. Nf3 g6 7. Bf4 a6 8. e4 b5
9. Qe2 Ra7 10. e5 Re7 11. Be3 Ng4 12. Ne4 dxe5 13. d6 Re6 14. Bg5 f6 15. h3 Nh6
16. Nxf6+ Rxf6 17. Nxe5 Qa5+ 18. Bd2 Qd8 19. Bg5 Qa5+ 20. Bd2 Qd8 21. Bg5 1/2-1/2

[Event "28th Czech Open A 2017"]
[Site "Pardubice CZE"]
[Date "2017.07.24"]
[Round "4.37"]
[White "Krykun, Yuriy"]
[Black "Demidov, Mikhail"]
[Result "0-1"]
[WhiteTitle "FM"]
[BlackTitle "IM"]
[WhiteElo "2334"]
[BlackElo "2524"]
[WhiteFideId "14140667"]
[BlackFideId "4197143"]
[EventDate "2017.07.21"]

1. e4 e6 2. d4 d5 3. Nd2 Be7 4. Bd3 c5 5. dxc5 Nf6 6. Ngf3 Nc6 7. exd5 Qxd5 8.
O-O O-O 9. Qe2 Qxc5 10. Ne4 Nxe4 11. Bxe4 Rd8 12. Be3 Qb4 13. Bxc6 bxc6 14. c3
Qa5 15. c4 Qc7 16. Rad1 Rxd1 17. Rxd1 e5 18. Nd2 Qa5 19. Ne4 Bf5 20. Ng3 Be6 21.
b3 h6 22. Qc2 Bf8 23. h4 Qa3 24. Bc1 Qe7 25. Qe4 Qc7 26. Bb2 f6 27. Rd3 Re8 28.
Nf5 Kh8 29. h5 Rd8 30. Nh4 Rxd3 31. Qxd3 Kg8 32. Ng6 Bc5 33. Bc1 Qd7 34. Qd2 Kf7
35. Nh4 Qxd2 36. Bxd2 Bg4 37. b4 Be7 38. f3 Be6 39. g4 Bxc4 40. Nf5 Bf8 41. a3
Bd3 42. Be3 c5 43. bxc5 Ke6 44. Nd6 a6 45. Kf2 g6 46. hxg6 Bxg6 47. f4 exf4 48.
Bxf4 Kd5 49. Be3 h5 50. gxh5 Bxh5 51. Kg3 Be7 52. Kf4 Bg6 53. Kf3 Bd3 54. Bf2
Bf8 55. Be3 f5 56. Bd2 Bg7 57. Bb4 Be5 58. Ke3 Bb1 59. Nf7 Bc7 60. c6 a5 61. Bf8
f4+ 62. Kf2 Bg6 63. Ng5 Bh5 64. Nf3 Kxc6 65. Bh6 Kd5 66. Ng5 Bg4 67. Nf3 Bd6 68.
Nd2 a4 69. Kg2 Kd4 70. Nf3+ Ke3 71. Ne1 Bf5 0-1

[Event "28th Czech Open A 2017"]
[Site "Pardubice CZE"]
[Date "2017.07.24"]
[Round "4.38"]
[White "Gheng, Josef"]
[Black "Krejci, Jan2"]
[Result "0-1"]
[WhiteTitle "FM"]
[BlackTitle "GM"]
[WhiteElo "2347"]
[BlackElo "2519"]
[WhiteFideId "4618041"]
[BlackFideId "322156"]
[EventDate "2017.07.21"]

1. d4 Nf6 2. Nf3 e6 3. g3 b5 4. Bg2 Bb7 5. Bg5 Be7 6. O-O d5 7. c3 Nbd7 8. Qd3
a6 9. a4 bxa4 10. Rxa4 c5 11. Nbd2 O-O 12. Rfa1 h6 13. Bxf6 Bxf6 14. e4 cxd4 15.
cxd4 dxe4 16. Nxe4 Rb8 17. Qe3 Nb6 18. R4a2 Nd5 19. Qd2 Nc7 20. Nxf6+ Qxf6 21.
Ne5 Rfd8 22. Qa5 Nd5 23. Ra3 Qe7 24. Rb3 Rbc8 25. Re1 Qc7 26. Qd2 Ba8 27. Rf3
Rf8 28. Ra3 Qd6 29. Ra4 Rfd8 30. Nc4 Qb8 31. Ne3 Qb6 32. Bxd5 Bxd5 33. Nxd5 Rxd5
34. Rea1 Rc6 35. Rxa6 Qxa6 36. Rxa6 Rxa6 37. Qc3 Ra8 38. Kg2 Rb8 39. h4 Rdb5 40.
Qc6 h5 41. b3 g6 42. Qd6 R8b7 43. Qc6 R7b6 44. Qc7 Kg7 45. b4 Rb7 46. Qc3 Kh7
47. Qc6 R5b6 48. Qf3 Rd7 49. Qc3 Rbd6 50. Qc8 Rd8 51. Qc7 R6d7 52. Qf4 Kg8 53.
b5 Rb7 54. Qg5 Rd5 55. Qc1 Rbxb5 56. Qc8+ Kg7 57. Qc3 Rb7 58. g4 hxg4 59. h5
gxh5 60. Kg3 Rbd7 61. Qe3 Rf5 62. Kh4 Rdd5 63. Qd2 Rf6 64. Qe3 Rdf5 65. d5 Rxd5
66. Qc3 Rf5 67. Qe3 Rf3 68. Qe5 Rxf2 69. Qg5+ Rg6 70. Qe5+ Rff6 71. Qg3 e5 72.
Qxe5 g3 73. Qa1 g2 0-1

[Event "28th Czech Open A 2017"]
[Site "Pardubice CZE"]
[Date "2017.07.24"]
[Round "4.39"]
[White "Kovalev, Andrei"]
[Black "Sadhwani, Raunak"]
[Result "0-1"]
[WhiteTitle "GM"]
[BlackTitle "FM"]
[WhiteElo "2517"]
[BlackElo "2314"]
[WhiteFideId "13500023"]
[BlackFideId "35093487"]
[EventDate "2017.07.21"]

1. e4 c6 2. c4 d5 3. exd5 cxd5 4. cxd5 Nf6 5. Nc3 Nxd5 6. d4 Nc6 7. Nf3 Bg4 8.
h3 Bxf3 9. Qxf3 Ndb4 10. Bc4 Nc2+ 11. Kf1 f6 12. d5 Ne5 13. Bb5+ Kf7 14. Qf5 Nd4
15. Qe4 Nxb5 16. Nxb5 Qd7 17. a4 Rd8 18. f4 Ng6 19. f5 Ne5 20. Nc3 g6 21. fxg6+
hxg6 22. Bf4 Qf5 23. Qxf5 gxf5 24. Rd1 Bh6 25. Bxh6 Rxh6 26. Rd4 Rg6 27. Rg1 Rg3
28. Rd2 Nc4 29. Rd4 Nxb2 30. Ne2 Rd3 31. g4 Rxd4 32. Nxd4 fxg4 33. Rxg4 Rxd5 34.
Ne2 Rf5+ 35. Ke1 Nd3+ 36. Kd2 Ne5 37. Rb4 b6 38. Re4 Nf3+ 39. Kc2 Ng5 40. Rh4
Rf3 41. Nf4 e5 42. Nd5 Rxh3 43. Rc4 Ne6 44. Rc8 Rh4 45. Nc3 Rb4 46. Rb8 Nc5 47.
Ra8 a5 48. Nd5 Rc4+ 49. Kb2 Nxa4+ 50. Kb3 Rd4 0-1

[Event "28th Czech Open A 2017"]
[Site "Pardubice CZE"]
[Date "2017.07.24"]
[Round "4.40"]
[White "Mueller, Ralf1"]
[Black "Cvek, Robert"]
[Result "1/2-1/2"]
[WhiteTitle "FM"]
[BlackTitle "GM"]
[WhiteElo "2330"]
[BlackElo "2516"]
[WhiteFideId "4606612"]
[BlackFideId "307424"]
[EventDate "2017.07.21"]

1. d4 Nf6 2. Nf3 e6 3. c4 d5 4. g3 Bb4+ 5. Bd2 Be7 6. Bg2 O-O 7. O-O c6 8. Qc2
a5 9. Bf4 Nbd7 10. cxd5 exd5 11. Nc3 Nb6 12. Rad1 Be6 13. Ne5 Qc8 14. Bg5 h6 15.
Bxf6 Bxf6 16. f4 Bh3 17. Bxh3 Qxh3 18. Rf3 Qe6 19. Qb3 Ra6 20. a4 Qe7 21. Qc2
Raa8 22. Ng4 Rfe8 23. Qf5 Nc4 24. b3 Nd6 25. Nxf6+ Qxf6 26. Qxf6 gxf6 27. f5 Ra6
28. e3 Rb6 29. Rb1 Ne4 30. Nxe4 Rxe4 31. Kf2 Rb4 32. Rf4 Re8 33. Ke2 b5 34. axb5
cxb5 35. Kd2 a4 36. Rff1 axb3 37. Rfc1 b2 38. Rc2 Rb3 39. Rbxb2 Rbxe3 40. Rxb5
Re2+ 1/2-1/2

[Event "28th Czech Open A 2017"]
[Site "Pardubice CZE"]
[Date "2017.07.24"]
[Round "4.41"]
[White "Krapivin, Vladislav"]
[Black "Vetoshko, Volodymyr"]
[Result "1/2-1/2"]
[WhiteTitle "IM"]
[BlackTitle "GM"]
[WhiteElo "2327"]
[BlackElo "2505"]
[WhiteFideId "4126149"]
[BlackFideId "14122480"]
[EventDate "2017.07.21"]

1. e4 c5 2. Nc3 Nc6 3. g3 g6 4. Bg2 Bg7 5. d3 d6 6. Be3 Rb8 7. Nge2 b5 8. Qd2 b4
9. Nd1 Nd4 10. O-O e5 11. Nc1 Ne7 12. c3 bxc3 13. bxc3 Ndc6 14. Bh6 O-O 15. Bxg7
Kxg7 16. Ne3 f5 17. f4 fxe4 18. dxe4 Ba6 19. Rf2 Na5 20. Bf1 Qb6 21. Nd3 Nc4 22.
Nxc4 Bxc4 23. Nb2 Bxf1 24. Raxf1 exf4 25. Nc4 Qc6 26. Nxd6 Rbd8 27. e5 f3 28.
Qe3 Nf5 29. Nxf5+ Rxf5 30. g4 Rff8 31. Rxf3 Rxf3 32. Qxf3 Qxf3 33. Rxf3 Re8 34.
Rd3 Rxe5 35. Rd7+ Kh6 36. Rxa7 Re3 37. Kf2 Rxc3 38. h4 Rh3 39. g5+ Kh5 40. Rxh7+
Kg4 41. a4 Ra3 42. Rc7 Rc3 43. Rc6 Kxh4 44. Rxg6 Ra3 45. Rc6 Rxa4 1/2-1/2

[Event "28th Czech Open A 2017"]
[Site "Pardubice CZE"]
[Date "2017.07.24"]
[Round "4.42"]
[White "Havelka, Josef"]
[Black "Chernyshov, Konstantin"]
[Result "1/2-1/2"]
[WhiteTitle "FM"]
[BlackTitle "GM"]
[WhiteElo "2326"]
[BlackElo "2498"]
[WhiteFideId "361097"]
[BlackFideId "4117328"]
[EventDate "2017.07.21"]

1. e4 b6 2. d4 Bb7 3. Bd3 e6 4. Nf3 Nf6 5. Nbd2 d5 6. e5 Ne4 7. Qe2 Nxd2 8. Bxd2
Be7 9. O-O c5 10. c3 a5 11. Be3 Nc6 12. Nd2 O-O 13. f4 cxd4 14. Bxd4 g6 15. Nf3
Nxd4 16. cxd4 Qd7 17. Kh1 Rac8 18. g4 f5 19. exf6 Bxf6 20. Rae1 Rfe8 21. g5 Bg7
22. Ne5 Qa4 23. Bb5 Qxd4 24. Bxe8 Rxe8 25. Qb5 Re7 26. Nc6 Bxc6 27. Qxc6 Kf7 28.
f5 gxf5 29. Rxe6 Rxe6 30. Qd7+ Re7 31. Qxf5+ Bf6 32. Qxh7+ Ke8 33. Qg6+ Rf7 34.
gxf6 Qe4+ 35. Qxe4+ dxe4 36. Rf4 Kf8 37. Rxe4 Rxf6 38. Kg2 Kf7 39. Re2 Kg6 40.
Kg3 Rd6 41. Kf4 Kf6 42. Ke4 Rd1 43. Rc2 Ke7 44. Rc6 b5 45. Rc5 Ra1 46. a3 b4 47.
Rxa5 Rh1 48. Rh5 bxa3 49. bxa3 Ra1 50. Rh3 Ra2 51. Kd5 Kd7 52. Kc4 Kd6 53. Rh6+
Kc7 54. Kb4 Kb7 55. h4 Rf2 56. h5 Rf5 57. Rh8 Re5 58. Kc4 Rg5 59. Kd4 Rf5 60.
Ke4 Rc5 61. h6 Rc6 62. Kd5 Rg6 63. a4 Rf6 64. a5 Rg6 65. Kc5 Rf6 66. Kd5 Rg6 67.
Ke5 Rc6 68. Rh7+ Ka6 69. Kd5 Rf6 70. Kc5 Rg6 71. Rh8 Kb7 72. Kd4 Rd6+ 73. Ke4
Re6+ 74. Kf5 Rc6 75. Rh7+ Ka6 76. Kg5 Rc5+ 77. Kf6 Rc6+ 78. Ke5 Rg6 79. Kf5 Rc6
80. Rh8 Kb7 81. a6+ Ka7 82. Kg5 Rc5+ 83. Kf6 Rc6+ 84. Ke7 Rg6 85. Kf7 Rc6 86.
Rh7 Kxa6 87. Rg7 1/2-1/2

[Event "28th Czech Open A 2017"]
[Site "Pardubice CZE"]
[Date "2017.07.24"]
[Round "4.43"]
[White "Sychev, Klementy"]
[Black "Belous, Mikhail"]
[Result "1-0"]
[WhiteTitle "IM"]
[BlackTitle "FM"]
[WhiteElo "2494"]
[BlackElo "2313"]
[WhiteFideId "4114060"]
[BlackFideId "14127555"]
[EventDate "2017.07.21"]

1. e4 c5 2. Nf3 d6 3. d4 cxd4 4. Nxd4 Nf6 5. Nc3 a6 6. Be2 e5 7. Nb3 Be7 8. Be3
Be6 9. Nd5 Nxd5 10. exd5 Bf5 11. Qd2 Nd7 12. O-O O-O 13. Na5 Qc7 14. c4 e4 15.
Bd4 Bf6 16. Bxf6 Nxf6 17. b4 Rfe8 18. Rac1 Rad8 19. Qd4 Re5 20. Qa7 Rd7 21. c5
h6 22. Nc4 Rxd5 23. cxd6 Qd8 24. Nb6 R7xd6 25. Nxd5 Nxd5 26. Qxb7 Rb6 27. Qa7
Nxb4 28. Qc7 Qxc7 29. Rxc7 Nxa2 30. Bc4 Be6 31. Bxe6 Rxe6 32. Rc8+ Kh7 33. Rc4
a5 34. Re1 f5 35. Ra4 Nb4 36. Rxa5 Kg6 37. g3 Kf6 38. Rb1 Nd3 39. Rbb5 g6 40.
Rb1 g5 41. Rab5 f4 42. Rb6 h5 43. Kf1 f3 44. Rxe6+ Kxe6 45. Rb5 Kf6 46. h3 Ne5
47. Rb6+ Kf5 48. Rh6 Nf7 49. Rxh5 Kg6 50. g4 Kf6 51. Ke1 Ke5 52. Rh7 Nd6 53. Rg7
Kf6 54. Rg8 Nc4 55. Rc8 Ne5 56. Kd2 Nd3 57. Ke3 Nf4 58. Rf8+ Ke5 59. Rf5+ Ke6
60. Rxf4 1-0

[Event "28th Czech Open A 2017"]
[Site "Pardubice CZE"]
[Date "2017.07.24"]
[Round "4.44"]
[White "Krylov, Mikhail RUS"]
[Black "Horvath, Dominik"]
[Result "1/2-1/2"]
[WhiteTitle "GM"]
[BlackTitle "FM"]
[WhiteElo "2485"]
[BlackElo "2310"]
[WhiteFideId "4151364"]
[BlackFideId "1642561"]
[EventDate "2017.07.21"]

1. d4 Nf6 2. c4 e6 3. Nc3 Bb4 4. e3 O-O 5. Bd3 c5 6. Nf3 d5 7. O-O dxc4 8. Bxc4
Nbd7 9. a3 cxd4 10. axb4 dxc3 11. bxc3 Qc7 12. Qe2 b6 13. Bb2 Bb7 14. Ba6 Nd5
15. Bxb7 Qxb7 16. c4 Nxb4 17. Bxg7 Kxg7 18. Qb2+ f6 19. Qxb4 Kf7 20. Nd4 Rg8 21.
f3 Ne5 22. c5 Nc6 23. Qb1 Nxd4 24. Qxh7+ Rg7 25. Qh5+ Ke7 26. exd4 Rag8 27. Rf2
Rg5 28. Qh7+ R8g7 29. Qc2 Qc7 30. cxb6 Qxb6 31. Kh1 Qxd4 32. Qc7+ Ke8 33. Qb8+
Qd8 34. Qb3 Rd5 35. Re2 Re7 36. h3 Kf7 37. Rae1 Qd6 38. Qc2 Kg7 39. Re4 Rd4 40.
Rxd4 Qxd4 41. Re4 Qa1+ 42. Kh2 f5 43. Qc5 Kf6 44. Rd4 Qe1 45. f4 Qe3 46. Qd6 Kf7
47. Rc4 e5 48. Qd5+ Kg7 49. fxe5 Qxe5+ 50. Qxe5+ Rxe5 51. Rc7+ Kg6 52. Rxa7 Re3
53. Ra8 Rb3 54. Rg8+ Kh5 55. Rg3 Rb4 56. Rf3 Kg5 57. Ra3 Rc4 58. Kg3 Rb4 59. Kf3
Rf4+ 60. Ke2 Re4+ 61. Re3 Ra4 62. Re8 Kf4 63. Rg8 Ra3 64. Kf2 Ra2+ 65. Kg1 Ra3
66. Kh2 Ke5 67. Rg6 f4 68. Rg8 Kf5 69. h4 Rb3 70. Rg5+ Kf6 71. Rg8 Kf5 72. Rg5+
Kf6 73. Rd5 Rg3 74. h5 Rg5 75. Rd6+ Kf5 76. h6 Rh5+ 77. Kg1 Kg5 78. Kf2 Rxh6 79.
Rxh6 Kxh6 80. g3 fxg3+ 81. Kxg3 1/2-1/2

[Event "28th Czech Open A 2017"]
[Site "Pardubice CZE"]
[Date "2017.07.24"]
[Round "4.45"]
[White "Tokranovs, Dmitrijs"]
[Black "Prasanna, Raghuram Rao"]
[Result "1/2-1/2"]
[WhiteTitle "FM"]
[BlackTitle "IM"]
[WhiteElo "2325"]
[BlackElo "2466"]
[WhiteFideId "11603011"]
[BlackFideId "5022401"]
[EventDate "2017.07.21"]

1. d4 Nf6 2. Nf3 e6 3. g3 b5 4. Bg2 Bb7 5. O-O c5 6. c3 d5 7. a4 b4 8. Nbd2 Nbd7
9. a5 Be7 10. dxc5 bxc3 11. bxc3 Nxc5 12. c4 O-O 13. Bb2 Rb8 14. Be5 Rc8 15.
cxd5 Qxd5 16. Qb1 Rfd8 17. Qb2 Qd7 18. h3 Bd5 19. Rfc1 Qe8 20. Rab1 h6 21. Qa1
Kf8 22. Bd4 Kg8 23. Be5 Qc6 24. Nd4 Qa8 25. Bxd5 Qxd5 26. N2f3 Qe4 27. Kf1 a6
28. Nb3 Nxb3 29. Rxb3 Rxc1+ 30. Qxc1 Qa4 31. Rb1 Nd5 32. Ra1 Qb4 33. Qc6 Bd6 34.
Bxd6 Rxd6 35. Qe8+ Kh7 36. Qxf7 Nc3 37. Ng5+ 1/2-1/2

[Event "28th Czech Open A 2017"]
[Site "Pardubice CZE"]
[Date "2017.07.24"]
[Round "4.46"]
[White "Urazayev, Arystanbek"]
[Black "Nasuta, Grzegorz"]
[Result "1/2-1/2"]
[WhiteTitle "CM"]
[BlackTitle "IM"]
[WhiteElo "2322"]
[BlackElo "2455"]
[WhiteFideId "13709810"]
[BlackFideId "1141686"]
[EventDate "2017.07.21"]

1. e4 c5 2. Nf3 d6 3. d4 cxd4 4. Nxd4 Nf6 5. Nc3 a6 6. Bg5 Nbd7 7. Qe2 e6 8. f4
Qc7 9. O-O-O b5 10. a3 Be7 11. g4 h6 12. Bh4 Bb7 13. Kb1 Rc8 14. Rg1 g5 15. fxg5
hxg5 16. Bxg5 Qb6 17. Qe1 Rxc3 18. Bxf6 Nxf6 19. Qxc3 Nxe4 20. Qe1 Bh4 21. Qb4
Qc5 22. Qxc5 dxc5 23. Nb3 c4 24. Nd4 Bf2 25. Rg2 c3 26. Ka1 Be3 27. Rd3 Nd2 28.
Rxe3 cxb2+ 29. Kxb2 Bxg2 30. Bd3 Bf1 31. Nxe6 fxe6 32. Bxf1 Nxf1 33. Rxe6+ Kd7
34. Rxa6 Ne3 35. a4 bxa4 36. Rxa4 Rxh2 37. Kc3 Rg2 38. Kd3 Nxg4 39. Ra6 Ne5+ 40.
Ke4 Nc6 41. c3 Rg3 42. Ra8 Rxc3 43. Rh8 Kd6 44. Rh5 Rc4+ 45. Kd3 Rg4 46. Rh8 Kd5
47. Ke3 Re4+ 48. Kd2 Kd4 49. Rc8 Nb4 50. Rd8+ Nd5 51. Ra8 Nb6 52. Rd8+ Kc4 53.
Rb8 Re6 54. Rh8 Re4 55. Rb8 Nd7 56. Rd8 Nc5 57. Rc8 Re7 58. Rc6 Re8 59. Rc7 Kd4
60. Rc6 Nb3+ 61. Kc2 Na5 62. Rd6+ Kc4 63. Rd7 Kb4 64. Kd3 Re1 65. Kd2 Re6 66.
Kd3 Nc6 67. Rh7 Ne5+ 68. Kd4 Nf3+ 69. Kd3 Rd6+ 70. Ke3 Ne5 71. Rc7 Nc6 72. Rh7
Kc4 73. Rc7 Re6+ 74. Kf4 Kd3 75. Rd7+ Nd4 76. Ra7 Rf6+ 77. Kg5 Rf5+ 78. Kg4 Rf8
79. Ra5 Ke4 80. Kg3 Nf5+ 81. Kf2 Ne7+ 82. Kg3 Nc6 83. Ra4+ Nd4 84. Kg2 Rb8 85.
Kg3 Rb1 86. Kf2 Rb3 87. Kg2 Rd3 88. Kf2 Kf4 89. Rc4 Rd2+ 90. Ke1 1/2-1/2

[Event "28th Czech Open A 2017"]
[Site "Pardubice CZE"]
[Date "2017.07.24"]
[Round "4.47"]
[White "Malakhov, Igor"]
[Black "Bergauz, Noam"]
[Result "1-0"]
[WhiteTitle "IM"]
[WhiteElo "2454"]
[BlackElo "2309"]
[WhiteFideId "4183088"]
[BlackFideId "12938033"]
[EventDate "2017.07.21"]

1. e4 c6 2. d4 d5 3. exd5 cxd5 4. c4 Nf6 5. Nc3 g6 6. cxd5 Nxd5 7. Qb3 Nxc3 8.
Bc4 e6 9. bxc3 Nc6 10. Nf3 Bg7 11. Ba3 Qb6 12. Bc5 Qc7 13. O-O Bd7 14. Bb5 b6
15. Ba3 O-O-O 16. Qa4 Na5 17. c4 Bxb5 18. cxb5 Kb7 19. Rac1 Qf4 20. Bb4 Bxd4 21.
Qa3 Rd7 22. Nxd4 Qxd4 23. Qf3+ Qd5 24. Rfd1 1-0

[Event "28th Czech Open A 2017"]
[Site "Pardubice CZE"]
[Date "2017.07.24"]
[Round "4.48"]
[White "Jansa, Vlastimil"]
[Black "Nun, Jiri"]
[Result "1/2-1/2"]
[WhiteTitle "GM"]
[BlackTitle "IM"]
[WhiteElo "2446"]
[BlackElo "2303"]
[WhiteFideId "300128"]
[BlackFideId "300179"]
[EventDate "2017.07.21"]

1. e4 c5 2. Nf3 Nc6 3. Bb5 g6 4. O-O Bg7 5. Nc3 e5 6. d3 Nge7 7. a3 O-O 8. b4 d6
9. bxc5 dxc5 10. Bc4 Nd4 11. Nxd4 cxd4 12. Nd5 Be6 13. Bg5 Bxd5 14. Bxe7 Qxe7
15. Bxd5 Rac8 16. a4 b6 17. a5 b5 18. a6 Rc5 19. Qb1 Bh6 20. Ra5 Qd7 21. g3 Bd2
22. Ra2 Kg7 23. Qd1 Bh6 24. Bb3 f5 25. exf5 gxf5 26. Qh5 Rf6 27. Raa1 Bd2 28.
Rad1 Rh6 29. Qe2 Ba5 30. f4 Bc7 31. fxe5 Rxe5 32. Qf3 Rxa6 33. Rf2 Rg6 34. Rdf1
a5 35. Qa8 Re8 36. Qb7 Rf8 37. Re1 Kh8 38. Rfe2 Rg7 39. Kh1 f4 40. Qf3 a4 41.
Ba2 Bd6 42. gxf4 b4 43. Be6 Qd8 44. f5 b3 45. cxb3 a3 46. Rf1 Qf6 47. Bc4 Bb4
48. Re6 Qh4 49. Ra6 Re7 50. Ra8 Re1 51. Rxf8+ Bxf8 52. b4 Rxf1+ 53. Qxf1 Bxb4 1/2-1/2

[Event "28th Czech Open A 2017"]
[Site "Pardubice CZE"]
[Date "2017.07.24"]
[Round "4.49"]
[White "Villegas, Pierre"]
[Black "Sundararajan, Kidambi"]
[Result "1/2-1/2"]
[WhiteTitle "FM"]
[BlackTitle "GM"]
[WhiteElo "2295"]
[BlackElo "2444"]
[WhiteFideId "654183"]
[BlackFideId "5005370"]
[EventDate "2017.07.21"]

1. d4 e6 2. c4 f5 3. Nf3 Nf6 4. Nc3 Bb4 5. Bd2 O-O 6. g3 d5 7. Qb3 Be7 8. Bg2 c6
9. O-O Nbd7 10. Rad1 Ne4 11. Bf4 g5 12. Bc1 Nd6 13. cxd5 cxd5 14. Ne5 Bf6 15.
Nxd7 Bxd7 16. f3 Qb6 17. Qxb6 axb6 18. e4 Nb5 19. Nxb5 Bxb5 20. Rfe1 fxe4 21.
fxe4 dxe4 22. Bxe4 Bc4 23. Bxb7 Rxa2 24. d5 exd5 25. Bxd5+ Bxd5 26. Rxd5 Ra5 27.
Rxa5 bxa5 28. Re4 h6 29. Bd2 Rb8 30. Bxa5 Rxb2 31. h4 1/2-1/2